00811nam a22002057a 450000500170000000800410001702000150005802000180007304000570009104100080014824501210015624600670027726000560034430000380040050400530043865000320049165000290052365000120055270000410056420140903174951.0131112s2012 enka frn 001 0 eng d a0230299776 a9780230299771 aCO-BoUCMcAngélica RojasdAldemar Mondragónbspa00aeng00aConstructing crime discourse and cultural representations of crime and 'deviance'ceditado por Christiana Gregoriou13aDiscourse and cultural representations of crime and 'deviance' aBasingstoke (Inglaterra)bPalgrave Macmillanc2012. axii, 249 páginasbilustraciones aIncluye referencias bibliográficas e índices 7aCriminales en la literatura 7aDelitos en la literatura 7aDelitos1 aGregoriou, Christianad1978-eeditor